000 03434nam0a2200421 4500
001 RU\NLR\BIBL_A\016268454
005 20230306164237.0
010 _a978-5-00180-830-5
_91200
021 _aRU
_bКН-П-22-090057
_9КН-П-22-8010
035 _a(NLR Aleph) 016268454
035 _a(RuMoRGB)011487215
090 _a12878049
_c12878049
100 _a20230124d2023 u y0rusy50 ca
101 0 _arus
102 _aRU
105 _ay z 000zy
181 0 _ai4
_baxxe
182 1 _an
200 1 _aТайная полиция в России
_eот Ивана Грозного до Николая Второго
_fЧарльз Рууд, Сергей Степанов
203 _aТекст
_bвизуальный
_cнепосредственный
210 _aМосква
_cРодина
_d2023 [т. е. 2022]
215 _a382, [1] с.
_d21
225 1 _aКриминальные и судебные истории
300 _aКн. фактически издана в 2022 г.
320 _aБиблиогр.: с. 376-383
330 _aСекретная полиция появилась в Российской империи в декабре 1882 года. Когда было утверждено Положение "Об устройстве секретной полиции в Империи". Документом предусматривалось создание специальных охранных отделений в крупных городах России, которые занимались политическим сыском. Но еще в декабре 1564 года Иван Грозный объявил о создании опричнины, которая считается первым органом политического сыска в России. Совместная работа профессора истории Ч. Рууда (Канада) и доктора исторических наук С. Степанова охватывает широкие хронологические рамки: от опричнины Ивана Грозного до деятельности охранных отделений, служивших двум последним царям. Авторы раскрывают перед читателем специфический мир тайной полиции, профессиональные и личные отношения между ее сотрудниками, организацию политического сыска, тайной агентуры и т. д. Широко используются документы из отечественных и зарубежных архивов
333 _a16+
606 1 _aПолитическая полиция
_xИстория
_yРоссия
_2nlr_sh1
_2nlr_sh2
_3RU\NLR\AUTH\661255109
686 1 _aХ2(2)44-523
686 1 _aХ819(2)112.011.011
700 1 _aРууд
_bЧ.
_gЧарльз
701 1 _aСтепанов
_bС. А.
_cд-р ист. наук
_f1956-
_gСергей Александрович
_3RU\NLR\AUTH\7727522
702 0 _aИван
_cцарь русский
_dIV
_f1530-1584
_3RU\NLR\AUTH\778743
_4280
702 0 _aНиколай
_cимператор российский
_dII
_f1868-1918
_3RU\NLR\AUTH\773750
_4280
942 _cBOOK
980 _aNB